LEADER 03489oam 22006975 450 001 9910791457503321 005 20200520144314.0 010 $a1-282-81897-X 010 $a9786612818974 010 $a0-8213-8544-5 024 7 $a10.1596/978-0-8213-8539-5 035 $a(CKB)2560000000050282 035 $a(EBL)606014 035 $a(OCoLC)673498197 035 $a(SSID)ssj0000413525 035 $a(PQKBManifestationID)12190915 035 $a(PQKBTitleCode)TC0000413525 035 $a(PQKBWorkID)10384329 035 $a(PQKB)10004582 035 $a(MiAaPQ)EBC606014 035 $a(Au-PeEL)EBL606014 035 $a(CaPaEBR)ebr10421821 035 $a(CaONFJC)MIL281897 035 $a(The World Bank)1068956 035 $a(US-djbf)16374918 035 $a(EXLCZ)992560000000050282 100 $a20100802d2010 uy 0 101 0 $aeng 135 $aurcn||||||||| 181 $ctxt$2rdacontent 182 $cc$2rdamedia 183 $acr$2rdacarrier 200 10$aCarbon footprints and food systems : $edo current accounting methodologies disadvantage developing countries? /$fby Paul Brenton, Gareth Edwards-Jones, Michael Friss Jensen 210 1$aWashington, D.C. :$cWorld Bank,$d2010. 215 $axii, 71 pages $cillustrations, map ;$d26 cm 225 1 $aWorld Bank Studies 300 $aDescription based upon print version of record. 311 $a0-8213-8539-9 320 $aIncludes bibliographical references. 327 $aCover; Title Page; Copyright; Contents; Acknowledgments; About the Authors; Abbreviations; Executive Summary; Chapter 1. Introduction; Chapter 2. Description of Ongoing Carbon Footprinting Initiatives Around the Globe; Chapter 3. Availability of Data Relevant to Developing Countries; Chapter 4. Case Study: Carbon Footprints of Tropical Food Products Calculated According to PAS 2050; Chapter 5. Subjectivity, Uncertainty, and Impact of Methodology on Final Results; Chapter 6. Conclusions and Recommendations for Development-Friendly Carbon Footprinting Schemes; References; Back Cover 330 $aThis report addresses carbon labeling schemes, a high-profile issue and one that has important economic implications for developing countries. Carbon accounting and labeling instruments are designed to present information on greenhouse gas emissions (GHG) from supply chains. These instruments have become an important awareness-raising channel for governments, producers, retailers and consumers to bring about the reduction of GHGs. At the same time, they have emerged as a crucial element of supply chain management, trade logistics and, potentially, trade regulations between countries. But the u 410 0$aWorld Bank e-Library. 606 $aGreenhouse gases$xMeasurement 606 $aGreenhouse gas mitigation 606 $aTropical crops$xEnvironmental aspects 606 $aFood industry and trade$xEnvironmental aspects 615 0$aGreenhouse gases$xMeasurement. 615 0$aGreenhouse gas mitigation. 615 0$aTropical crops$xEnvironmental aspects. 615 0$aFood industry and trade$xEnvironmental aspects. 676 $a363.738/746091724 700 $aBrenton$b Paul$0265813 701 $aEdwards-Jones$b Gareth$01534012 701 $aJensen$b Michael Friis$01534013 801 0$bDNAL/DLC 801 1$bDLC 801 2$bDLC 906 $aBOOK 912 $a9910791457503321 996 $aCarbon footprints and food systems$93781188 997 $aUNINA LEADER 04165nam 22006614a 450 001 9910784803503321 005 20230721031025.0 010 $a1-281-17931-0 010 $a9786611179311 010 $a3-7643-8285-6 024 7 $a10.1007/978-3-7643-8285-8 035 $a(CKB)1000000000408244 035 $a(EBL)1038120 035 $a(SSID)ssj0000152937 035 $a(PQKBManifestationID)11146725 035 $a(PQKBTitleCode)TC0000152937 035 $a(PQKBWorkID)10339671 035 $a(PQKB)11277244 035 $a(MiAaPQ)EBC336959 035 $a(DE-B1597)206116 035 $a(OCoLC)979595123 035 $a(DE-B1597)9783764382858 035 $a(MiAaPQ)EBC1038120 035 $a(Au-PeEL)EBL336959 035 $a(CaPaEBR)ebr10217347 035 $a(CaONFJC)MIL117931 035 $a(OCoLC)259712705 035 $a(EXLCZ)991000000000408244 100 $a20070627d2007 uy 0 101 0 $aeng 135 $aur|n|---||||| 181 $ctxt 182 $cc 183 $acr 200 10$aFailed stone$b[electronic resource] $eproblems and solutions with concrete and masonry /$fPatrick Loughran 210 $aBasel ;$aBoston $cBirkha?user$d2007 215 $a1 online resource (160 p.) 300 $aDescription based upon print version of record. 311 $a3-7643-7329-6 327 $tFrontmatter -- $tThermal Hysteresis -- $tImpact -- $tEfflorescence -- $tSurface Defects -- $tDiscoloration -- $tCorrosion -- $tStructure -- $tLeakage 330 $aConcrete and stone seem made to last forever. But the fact is they develop problems. It is not always as dramatic as the collapse of a section of the roof of the Paris Charles de Gaulle airport in 2004. Gradual changes also occur that may compromise the appearance and structural soundness of buildings constructed with these materials. These changes can be created by efflorescence, thermal stress, weathering, leakage and corrosion. This book explains how to avoid typical kinds of failure. With this in mind, it systematically analyzes cases of damage in contemporary international architecture. It also offers strategies for minimizing the risk of damage. Examples include such high-visibility structures as Finlandia Hall in Helsinki, Parco della Musica in Rome and Vontz Center for Molecular Studies in Cincinnatti. In eight chapters, typical kinds of damage are explained and illustrated with examples. Beton und Stein scheinen für die Ewigkeit gemacht. Dennoch kommt es hier zu Bauschäden. Nicht immer sind sie so dramatisch wie der Deckeneinsturz im Terminal des Flughafen Paris-Roissy 2004. Es gibt auch schleichende Veränderungen, die Erscheinungsbild und Statik von Beton- oder Steingebäuden beeinträchtigen können. Dazu gehören Ausblühungen, thermische Auswirkungen, Materialunverträglichkeiten, Korrosion oder massive Krafteinwirkung. Dieses Buch zeigt, wie sich typische Schäden vermeiden lassen. Zu diesem Zweck analysiert es systematisch Schadensfälle in der zeitgenössischen internationalen Architektur. Ebenso werden Strategien vorgestellt, mit denen sich das Schadensrisiko minimieren lässt. Zu den Beispielen gehören so bekannte Bauten wie die Finlandia Hall in Helsinki, Renzo Pianos Parco della Musica in Rom oder Vontz Center for Molecular Studies in Cincinnatti. In insgesamt acht Kapiteln werden typische Schäden erklärt und dann mit Beispielen illustriert. 330 $aThis book explains how to avoid typical kinds of failure. With this in mind, it systematically analyzes cases of damage in contemporary international architecture. It also offers strategies for minimizing the risk of damage. 606 $aMasonry$xDeterioration 606 $aConcrete construction$xDeterioration 606 $aBuilding failures 615 0$aMasonry$xDeterioration. 615 0$aConcrete construction$xDeterioration. 615 0$aBuilding failures. 676 $a721.0441 686 $aZI 4930$2rvk 700 $aLoughran$b Patrick$0567481 801 0$bMiAaPQ 801 1$bMiAaPQ 801 2$bMiAaPQ 906 $aBOOK 912 $a9910784803503321 996 $aFailed stone$93779327 997 $aUNINA